[Event "Oberliga Ost A"]
[Site "?"]
[Date "2022.09.18"]
[Round "1.5"]
[White "Paul, Johannes"]
[Black "Haubold, Christian Lucas"]
[Result "1-0"]
[WhiteElo "2304"]
[BlackElo "1888"]
[PlyCount "79"]
[EventDate "2022.09.18"]
[EventType "team-tourn"]
[EventCountry "GER"]
[WhiteTeam "Magdeburg USC"]
[BlackTeam "Magdeburg SG Aufbau Elbe"]
[WhiteTeamCountry "GER"]
[BlackTeamCountry "GER"]

1. d4 Nf6 2. c4 g6 3. Nc3 Bg7 4. e4 d6 5. Be2 O-O 6. Be3 e5 7. d5 Na6 8. g4 Nc5 9. f3 a5 10. h4 h6 11. Qd2 h5 12. g5 Nfd7 13. O-O-O Re8 14. Nh3 Bf8 15. Nb5 c6 16. dxc6 bxc6 17. Nxd6 Re6 18. Nxc8 Qxc8 19. Nf2 Nb6 20. Qc2 Rb8 21. Nd3 Nba4 22. Nxc5 Nxc5 23. Kb1 Qb7 24. Rd2 Qb4 25. Rc1 Ree8 26. Qc3 Na4 27. Qxb4 Bxb4 28. Rd3 Nc5 29. Rdd1 Ba3 30. Rc2 Na4 31. Rdd2 Rb7 32. c5 Reb8 33. b3 Rxb3+ 34. axb3 Rxb3+ 35. Ka2 Rxe3 36. Rd3 Rxd3 37. Bxd3 Nxc5 38. Kxa3 Nxd3 39. Ka4 Ne1 40. Rf2 1-0

[Event "Oberliga Ost A"]
[Site "?"]
[Date "2022.09.18"]
[Round "1.6"]
[White "Oelkers, Rene"]
[Black "Armbrust, Florian"]
[Result "0-1"]
[WhiteElo "1862"]
[BlackElo "2279"]
[PlyCount "76"]
[EventDate "2022.09.18"]
[EventType "team-tourn"]
[EventCountry "GER"]
[WhiteTeam "Magdeburg SG Aufbau Elbe"]
[BlackTeam "Magdeburg USC"]
[WhiteTeamCountry "GER"]
[BlackTeamCountry "GER"]

1. Nf3 d6 2. d4 Nf6 3. c4 g6 4. g3 Bg7 5. Nc3 O-O 6. Bg2 Nbd7 7. e4 e5 8. O-O c6 9. dxe5 dxe5 10. b3 Re8 11. Qc2 Qc7 12. Ba3 Bf8 13. Bb2 a5 14. Rac1 Nc5 15. Rfd1 Bg4 16. h3 Bxf3 17. Bxf3 Qb6 18. Rb1 a4 19. Bc1 axb3 20. axb3 Ne6 21. Be3 Qb4 22. Ne2 Bc5 23. Bxc5 Nxc5 24. Rd6 Ncxe4 25. Rd3 Nc5 26. Re3 Nfd7 27. g4 Ra3 28. Bg2 Rea8 29. Nc1 Ra1 30. Rb2 Ne6 31. Kh2 Nd4 32. Qc3 Qxc3 33. Rxc3 Nc5 34. Nd3 Nxd3 35. Rxd3 R8a2 36. Rxa2 Rxa2 37. f4 Ne6 38. Kg3 Rxg2+ 0-1

[Event "Oberliga Ost A"]
[Site "?"]
[Date "2022.09.18"]
[Round "1.7"]
[White "Schoene, Maria"]
[Black "Hanisch, Klaus"]
[Result "1-0"]
[WhiteElo "2187"]
[BlackElo "2080"]
[PlyCount "85"]
[EventDate "2022.09.18"]
[EventType "team-tourn"]
[EventCountry "GER"]
[WhiteTeam "Magdeburg USC"]
[BlackTeam "Magdeburg SG Aufbau Elbe"]
[WhiteTeamCountry "GER"]
[BlackTeamCountry "GER"]

1. e4 Nf6 2. e5 Nd5 3. c4 Nb6 4. d4 d6 5. exd6 exd6 6. h3 Be7 7. Nf3 O-O 8. Be2 Bf6 9. Nc3 Be6 10. d5 Bxc3+ 11. bxc3 Bf5 12. O-O Na6 13. a4 Nc5 14. a5 Nbd7 15. Bg5 f6 16. Be3 Re8 17. Re1 Be4 18. Ra2 b6 19. Nd2 Bf5 20. Nb3 Ne5 21. Nxc5 dxc5 22. Bf4 Nf7 23. Bg4 Rxe1+ 24. Qxe1 Bxg4 25. hxg4 Qd7 26. Re2 Kf8 27. Re6 Nd6 28. Bxd6+ cxd6 29. axb6 axb6 30. Qb1 Re8 31. Qf5 Rxe6 32. dxe6 Qe7 33. f4 g6 34. Qd5 Kg7 35. f5 h5 36. gxh5 gxh5 37. Qc6 h4 38. Qxb6 Kh6 39. Qc6 Kg5 40. Qd7 Qf8 41. e7 Qa8 42. e8=Q Qa1+ 43. Kh2 1-0

[Event "Oberliga Ost A"]
[Site "?"]
[Date "2022.09.18"]
[Round "1.8"]
[White "Schroeter, Lucas"]
[Black "Wagner, Benjamin"]
[Result "1/2-1/2"]
[WhiteElo "1840"]
[BlackElo "2082"]
[PlyCount "81"]
[EventDate "2022.09.18"]
[EventType "team-tourn"]
[EventCountry "GER"]
[WhiteTeam "Magdeburg SG Aufbau Elbe"]
[BlackTeam "Magdeburg USC"]
[WhiteTeamCountry "GER"]
[BlackTeamCountry "GER"]

1. e4 e5 2. Bc4 Nf6 3. d3 c6 4. Nf3 d5 5. Bb3 Bd6 6. Nc3 d4 7. Ne2 Bg4 8. Ng3 c5 9. O-O Nc6 10. h3 Bd7 11. Nf5 Bxf5 12. exf5 Qd7 13. Ng5 O-O 14. Ne4 Be7 15. g4 Kh8 16. Qf3 Nxe4 17. Qxe4 Na5 18. Bd2 Nxb3 19. axb3 Bd6 20. Kg2 Rfe8 21. h4 b6 22. Ra6 Rac8 23. h5 Bb8 24. g5 Rc6 25. Rh1 f6 26. g6 h6 27. Kf3 Rec8 28. Rha1 Rd6 29. Kg4 Rdc6 30. Kf3 Kg8 31. Ke2 Kf8 32. Kd1 R6c7 33. R1a2 Kg8 34. Ra1 Rc6 35. R1a2 Qd6 36. Ra1 Qd7 37. R1a2 R8c7 38. Ra1 Kf8 39. R1a2 Kg8 40. Ra1 Rc8 41. R1a2 1/2-1/2

[Event "Oberliga Ost A"]
[Site "?"]
[Date "2022.10.22"]
[Round "2.1"]
[White "Klimakovs, Sergejs"]
[Black "Pulpan, Jakub"]
[Result "1-0"]
[WhiteElo "2327"]
[BlackElo "2408"]
[PlyCount "111"]
[EventDate "2022.09.18"]
[EventType "team-tourn"]
[EventCountry "GER"]
[WhiteTeam "Magdeburg USC"]
[BlackTeam "Magdeburg SG Aufbau Elbe"]
[WhiteTeamCountry "GER"]
[BlackTeamCountry "GER"]

1. e4 e5 2. Nf3 Nc6 3. Bb5 Nf6 4. d3 Bc5 5. Bxc6 dxc6 6. Nbd2 Be6 7. Qe2 Qd6 8. Nc4 Bxc4 9. dxc4 a5 10. Bd2 Bb4 11. O-O-O Qe7 12. Bg5 h6 13. Bh4 a4 14. c3 Bd6 15. Rd3 Qe6 16. Bxf6 Qxf6 17. Nd2 Qe6 18. Rg3 g6 19. Qg4 Qe7 20. Rd1 h5 21. Qh3 Bc5 22. Rf3 Rd8 23. Nf1 O-O 24. Rfd3 Bxf2 25. Rd7 Qg5+ 26. Kc2 Bb6 27. Qg3 Qf6 28. Rxd8 Rxd8 29. Rxd8+ Qxd8 30. Qxe5 Qh4 31. Qe8+ Kg7 32. Qe5+ Kh7 33. g3 Qg4 34. c5 Bxc5 35. Qxc5 Qxe4+ 36. Kd2 Qb1 37. Qc4 Qxb2+ 38. Ke3 Kg8 39. Nd2 a3 40. Qb3 Qc1 41. Qxb7 Qxc3+ 42. Ke2 Qe5+ 43. Kd1 h4 44. Qa8+ Kg7 45. Qxa3 h3 46. Qb3 Qd4 47. Ke2 Qg1 48. Nf3 Qa1 49. Kd2 Kg8 50. g4 c5 51. Qc4 Kf8 52. Qxc5+ Kg8 53. Qc4 c5 54. Ke3 Qf6 55. a4 Qd8 56. Ne5 1-0

[Event "Oberliga Ost A"]
[Site "?"]
[Date "2022.10.22"]
[Round "2.2"]
[White "Schnabel, Ralf"]
[Black "Tolmacevs, Artjoms"]
[Result "1-0"]
[WhiteElo "2224"]
[BlackElo "2040"]
[PlyCount "133"]
[EventDate "2022.09.18"]
[EventType "team-tourn"]
[EventCountry "GER"]
[WhiteTeam "Magdeburg USC"]
[BlackTeam "Aue ESV Nickelhuette II"]
[WhiteTeamCountry "GER"]
[BlackTeamCountry "GER"]

1. e4 c5 2. Nf3 d6 3. d4 cxd4 4. Nxd4 Nf6 5. Nc3 a6 6. a4 e5 7. Nf3 Be7 8. Bg5 Be6 9. Bxf6 Bxf6 10. Nd5 Bxd5 11. Qxd5 Nc6 12. Bc4 Qc7 13. c3 O-O 14. O-O Ne7 15. Qd3 Ng6 16. g3 Rfd8 17. Rfd1 Rac8 18. Bd5 Qd7 19. Nd2 Rc7 20. Nc4 Qg4 21. Ne3 Qg5 22. Ng2 Qg4 23. Qf1 Bg5 24. Rd3 h5 25. Qd1 Qh3 26. Bb3 Rc6 27. a5 b5 28. Qf3 Rc7 29. Rad1 Rcd7 30. c4 Nf8 31. cxb5 axb5 32. Qf5 Qxf5 33. exf5 Ra7 34. Rxd6 Rxd6 35. Rxd6 Rxa5 36. Ne3 Bxe3 37. fxe3 Ra1+ 38. Rd1 Rxd1+ 39. Bxd1 g6 40. b4 Nd7 41. fxg6 fxg6 42. Be2 Kf7 43. Bxb5 Nb6 44. Kf2 Kf6 45. Be8 e4 46. b5 Kf5 47. Ke2 Kf6 48. Kd2 Nc4+ 49. Kc3 Nxe3 50. Bc6 Ke5 51. b6 Kd6 52. Bxe4 g5 53. h4 gxh4 54. gxh4 Ng4 55. Kd4 Ne5 56. b7 Nd7 57. Bf5 Nb8 58. Ke4 Kc7 59. Bc8 Nc6 60. Kf4 Kd6 61. Kg5 Ke5 62. Bd7 Nb8 63. Be8 Ke6 64. Bxh5 Ke7 65. Kf5 Na6 66. Be2 Nb8 67. Bb5 1-0

[Event "Oberliga Ost A"]
[Site "?"]
[Date "2022.10.22"]
[Round "2.3"]
[White "Pikalow, Michael"]
[Black "Bulockin, Martin"]
[Result "0-1"]
[WhiteElo "2073"]
[BlackElo "2299"]
[PlyCount "64"]
[EventDate "2022.09.18"]
[EventType "team-tourn"]
[EventCountry "GER"]
[WhiteTeam "Aue ESV Nickelhuette II"]
[BlackTeam "Magdeburg USC"]
[WhiteTeamCountry "GER"]
[BlackTeamCountry "GER"]

1. e4 c5 2. Nc3 Nc6 3. Nf3 d6 4. d4 cxd4 5. Nxd4 Nf6 6. Bg5 e6 7. Qd2 a6 8. O-O-O h6 9. Bf4 Bd7 10. Nxc6 Bxc6 11. Bxd6 Bxd6 12. Qxd6 Qxd6 13. Rxd6 Bxe4 14. f3 Bc6 15. Bc4 Ke7 16. Rd4 g5 17. h4 Rag8 18. Rd2 g4 19. f4 Nh5 20. Rf1 Rd8 21. Rdf2 g3 22. Re2 Rd4 23. Bb3 Nxf4 24. Re3 Nxg2 25. Rxg3 Nxh4 26. Rg7 Nf5 27. Rgg1 h5 28. Ne2 Rg4 29. Nf4 Rhg8 30. Rxg4 hxg4 31. Ne2 g3 32. Ng1 g2 0-1

[Event "Oberliga Ost A"]
[Site "?"]
[Date "2022.10.22"]
[Round "2.4"]
[White "Ludvik, Tomas"]
[Black "Haubold, Sebastian Marcel"]
[Result "1-0"]
[WhiteElo "2231"]
[BlackElo "2034"]
[PlyCount "85"]
[EventDate "2022.09.18"]
[EventType "team-tourn"]
[EventCountry "GER"]
[WhiteTeam "Magdeburg USC"]
[BlackTeam "Aue ESV Nickelhuette II"]
[WhiteTeamCountry "GER"]
[BlackTeamCountry "GER"]

1. Nf3 Nf6 2. g3 g6 3. b3 Bg7 4. Bb2 O-O 5. Bg2 d5 6. c4 c5 7. O-O Nc6 8. cxd5 Nb4 9. Na3 Nbxd5 10. Rc1 Qa5 11. Nc4 Qa6 12. a3 Bf5 13. d3 Be6 14. Rc2 h6 15. Qa1 Rac8 16. Rfc1 Rfd8 17. Ncd2 Qb5 18. d4 Bf5 19. Rc4 Ne4 20. Nxe4 Bxe4 21. dxc5 Nf6 22. Rxe4 Nxe4 23. Bxg7 Qxe2 24. Rf1 f6 25. Bxh6 Nxf2 26. Qe1 Qxe1 27. Rxe1 Ng4 28. Bd2 Rxc5 29. Bb4 Rc2 30. h3 Ne5 31. Nxe5 fxe5 32. Bf1 Rf8 33. Bd3 Ra2 34. Be4 Rc8 35. Bxb7 Rcc2 36. Be4 Rh2 37. h4 Rhb2 38. Bxe7 Kg7 39. Bd6 Kf6 40. Bd5 Rd2 41. Bxe5+ Kf5 42. Bf3 Rf2 43. g4+ 1-0

[Event "Oberliga Ost A"]
[Site "?"]
[Date "2022.10.22"]
[Round "2.5"]
[White "Haubold, Christian Lucas"]
[Black "Heinz, Thomas"]
[Result "1-0"]
[WhiteElo "1885"]
[BlackElo "2146"]
[PlyCount "57"]
[EventDate "2022.09.18"]
[EventType "team-tourn"]
[EventCountry "GER"]
[WhiteTeam "Aue ESV Nickelhuette II"]
[BlackTeam "Magdeburg USC"]
[WhiteTeamCountry "GER"]
[BlackTeamCountry "GER"]

1. e4 e5 2. Nf3 Nc6 3. Bb5 f5 4. d3 fxe4 5. dxe4 Bb4+ 6. c3 Bc5 7. Qd5 d6 8. Ng5 Qd7 9. Ne6 Bxf2+ 10. Kxf2 Nf6 11. Qc4 Qxe6 12. Bxc6+ bxc6 13. Qxc6+ Qd7 14. Qxa8 O-O 15. Ke1 Ba6 16. Qxa7 Qb5 17. c4 Qxc4 18. Qe3 d5 19. Nd2 Qc6 20. h3 Kh8 21. Qa3 Rf7 22. Qb3 h6 23. a4 Nh5 24. Qxd5 Qf6 25. Nf3 Ng3 26. Rg1 Rf8 27. Kf2 Qg6 28. Re1 c6 29. Qxe5 1-0

[Event "Oberliga Ost A"]
[Site "?"]
[Date "2022.10.22"]
[Round "2.6"]
[White "Heinz, Juergen"]
[Black "Kuznecova, Marija"]
[Result "0-1"]
[WhiteElo "2155"]
[BlackElo "1987"]
[PlyCount "44"]
[EventDate "2022.09.18"]
[EventType "team-tourn"]
[EventCountry "GER"]
[WhiteTeam "Magdeburg USC"]
[BlackTeam "Aue ESV Nickelhuette II"]
[WhiteTeamCountry "GER"]
[BlackTeamCountry "GER"]

1. Nf3 c5 2. c4 Nc6 3. Nc3 e5 4. d3 d6 5. g3 f5 6. Bg2 Nf6 7. O-O Be7 8. Rb1 O-O 9. a3 Rb8 10. b4 b6 11. Ng5 Nd4 12. Nd5 Bb7 13. Nxe7+ Qxe7 14. Bxb7 Rxb7 15. e3 Ne6 16. Nxe6 Qxe6 17. Bb2 Rbf7 18. Qc2 f4 19. exf4 exf4 20. f3 fxg3 21. hxg3 Nh5 22. Kg2 Qg6 0-1

[Event "Oberliga Ost A"]
[Site "?"]
[Date "2022.10.22"]
[Round "2.7"]
[White "Oelkers, Rene"]
[Black "Kunze, Kerstin"]
[Result "1/2-1/2"]
[WhiteElo "1859"]
[BlackElo "2015"]
[PlyCount "91"]
[EventDate "2022.09.18"]
[EventType "team-tourn"]
[EventCountry "GER"]
[WhiteTeam "Aue ESV Nickelhuette II"]
[BlackTeam "Magdeburg USC"]
[WhiteTeamCountry "GER"]
[BlackTeamCountry "GER"]

1. e4 c5 2. Nf3 e6 3. d4 cxd4 4. Nxd4 Nf6 5. Nc3 d6 6. Be2 Be7 7. Be3 e5 8. Nb3 Be6 9. O-O O-O 10. f4 exf4 11. Rxf4 Nc6 12. Nd4 Nxd4 13. Qxd4 d5 14. Rd1 dxe4 15. Qe5 Qb8 16. Qxb8 Rfxb8 17. Nxe4 Nxe4 18. Rxe4 Bf6 19. c3 Bxa2 20. Bf3 a5 21. Bf4 Rc8 22. Bg4 Re8 23. Bf3 g5 24. Bc7 a4 25. Rxe8+ Rxe8 26. Bxb7 a3 27. bxa3 Bxc3 28. Rd8 Rxd8 29. Bxd8 f6 30. Bb6 Bb3 31. Bc6 Bc4 32. a4 Ba6 33. Kf2 Kf7 34. Bb5 Bb7 35. a5 Ke6 36. a6 Ba8 37. Be2 Kd6 38. Bf3 Bxf3 39. Kxf3 Kc6 40. Be3 Be5 41. h3 f5 42. a7 Kb7 43. Bc5 h5 44. g4 hxg4+ 45. hxg4 fxg4+ 46. Kxg4 1/2-1/2

[Event "Oberliga Ost A"]
[Site "?"]
[Date "2022.10.22"]
[Round "2.8"]
[White "Poessel, Christian"]
[Black "Schroeter, Lucas"]
[Result "1-0"]
[WhiteElo "1990"]
[BlackElo "1852"]
[PlyCount "119"]
[EventDate "2022.09.18"]
[EventType "team-tourn"]
[EventCountry "GER"]
[WhiteTeam "Magdeburg USC"]
[BlackTeam "Aue ESV Nickelhuette II"]
[WhiteTeamCountry "GER"]
[BlackTeamCountry "GER"]

1. d4 Nf6 2. Nf3 e6 3. c4 b6 4. g3 Bb7 5. Bg2 g6 6. O-O Bg7 7. Nc3 Ne4 8. Qc2 d5 9. Rd1 Nxc3 10. bxc3 O-O 11. e4 dxc4 12. Bg5 Qc8 13. h4 Nd7 14. h5 e5 15. Bh3 Qe8 16. Re1 exd4 17. cxd4 c5 18. Qxc4 b5 19. Qxb5 Ne5 20. Qe2 Nxf3+ 21. Qxf3 Bxd4 22. Rab1 Bc8 23. Bxc8 Qxc8 24. e5 Qf5 25. Qxf5 gxf5 26. Kg2 Rfb8 27. Be7 Rxb1 28. Rxb1 Bxe5 29. Bxc5 Rb8 30. Re1 Bf6 31. Kf3 Kg7 32. Kf4 Rb5 33. Bxa7 Ra5 34. Bb6 Rxa2 35. Kxf5 Rb2 36. Be3 Rb5+ 37. Kg4 h6 38. Re2 Bg5 39. Bd4+ Bf6 40. Be3 Bg5 41. Ba7 Ra5 42. Bb8 Rb5 43. Re8 Be7 44. Bf4 Bg5 45. Bd6 f5+ 46. Kh3 Rd5 47. Re6 Bf6 48. Bf4 Bg5 49. Bxg5 hxg5 50. Rg6+ Kf7 51. Rxg5 Kf6 52. f4 Rd1 53. Rg6+ Kf7 54. Kh4 Rg1 55. Ra6 Kg7 56. h6+ Kh7 57. Rf6 Rg2 58. Rxf5 Kxh6 59. Rf6+ Kg7 60. Ra6 1-0

[Event "Oberliga Ost A"]
[Site "?"]
[Date "2022.10.22"]
[Round "2.1"]
[White "Bures, Jaroslav"]
[Black "Belous, Mikhail"]
[Result "1/2-1/2"]
[WhiteElo "2419"]
[BlackElo "2373"]
[PlyCount "59"]
[EventDate "2022.09.18"]
[EventType "team-tourn"]
[EventCountry "GER"]
[WhiteTeam "Aue ESV Nickelhuette II"]
[BlackTeam "Magdeburg USC"]
[WhiteTeamCountry "GER"]
[BlackTeamCountry "GER"]

1. d4 Nf6 2. c4 e6 3. Nc3 Bb4 4. e3 O-O 5. Bd3 d5 6. a3 Bxc3+ 7. bxc3 dxc4 8. Bxc4 c5 9. Nf3 Qc7 10. Ba2 b5 11. O-O Bb7 12. Re1 Nbd7 13. a4 a6 14. Bb1 Ne4 15. Qd3 cxd4 16. cxd4 Qc3 17. Qxc3 Nxc3 18. Ba3 Rfc8 19. axb5 axb5 20. Bd3 Nb6 21. Nd2 Nc4 22. Bxc4 bxc4 23. Bc5 Ne4 24. Rxa8 Rxa8 25. Nxc4 h5 26. f3 Nc3 27. Na3 Ba6 28. Ra1 Rb8 29. Nc2 Rb2 30. Rxa6 1/2-1/2

[Event "Oberliga Ost A"]
[Site "?"]
[Date "2022.10.22"]
[Round "2.2"]
[White "Matthey, Harald"]
[Black "Hassemeier, Mika"]
[Result "1/2-1/2"]
[WhiteElo "2132"]
[BlackElo "2087"]
[PlyCount "181"]
[EventDate "2022.09.18"]
[EventType "team-tourn"]
[EventCountry "GER"]
[WhiteTeam "Hoyerswerde FVS ASP"]
[BlackTeam "Dessau SK"]
[WhiteTeamCountry "GER"]
[BlackTeamCountry "GER"]

1. e4 c5 2. Nf3 d6 3. c3 Nf6 4. Be2 g6 5. O-O Bg7 6. Re1 O-O 7. Bf1 Nc6 8. a4 Bg4 9. h3 Bxf3 10. Qxf3 d5 11. exd5 Qxd5 12. Qxd5 Nxd5 13. Na3 Rad8 14. Nc4 Rd7 15. a5 e6 16. g3 Nce7 17. f4 Nf5 18. Kf2 h5 19. Kf3 h4 20. g4 Ng3 21. Bg2 Rfd8 22. Ne3 Nf6 23. Nf1 Rd3+ 24. Re3 Rxe3+ 25. Kxe3 Nd5+ 26. Kf3 e5 27. Nxg3 hxg3 28. Kxg3 exf4+ 29. Kf2 g5 30. d3 Rd7 31. Be4 Be5 32. Bd2 Nf6 33. Bf5 Re7 34. Kf3 Bc7 35. c4 Be5 36. Re1 Re8 37. b4 b6 38. b5 Bd4 39. axb6 axb6 40. h4 gxh4 41. Rxe8+ Nxe8 42. Bxf4 Kf8 43. Bd7 Bc3 44. Bg5 Nf6 45. Bc6 h3 46. Bf4 Ke7 47. Bc7 Ba5 48. Kg3 h2 49. Kh3 Nh7 50. Kxh2 Ng5 51. Bd5 f6 52. Kg3 Kd7 53. Bf4 Be1+ 54. Kg2 Bc3 55. Bc6+ Ke7 56. Bc7 Ba5 57. Bd5 Kd7 58. Bb8 Be1 59. Kf1 Bc3 60. Kf2 Bd2 61. Kg3 Kc8 62. Bd6 Kd7 63. Bf8 Bc3 64. Bc6+ Ke6 65. Kh4 Be5 66. Bd5+ Kd7 67. Bh6 Bf4 68. Kh5 Ke7 69. Kg6 Bd2 70. d4 Be3 71. dxc5 Bxc5 72. Kg7 Ne6+ 73. Bxe6 Kxe6 74. Kg6 Bd6 75. Be3 Bc7 76. Bd4 Bd8 77. Kg7 f5 78. g5 Bxg5 79. Bxb6 f4 80. Kg6 Bf6 81. Kh5 Kf5 82. Bf2 Bd8 83. c5 Ke6 84. Kg4 Bc7 85. c6 Kd5 86. Kg5 Bd6 87. Kg6 Be5 88. Kf7 Kd6 89. Bb6 f3 90. Ke8 Kd5 91. Kd7 1/2-1/2

[Event "Oberliga Ost A"]
[Site "?"]
[Date "2022.10.22"]
[Round "2.3"]
[White "Spivak, Ilya"]
[Black "Schubert, Ralf"]
[Result "1-0"]
[WhiteElo "2299"]
[BlackElo "2100"]
[PlyCount "53"]
[EventDate "2022.09.18"]
[EventType "team-tourn"]
[EventCountry "GER"]
[WhiteTeam "Dessau SK"]
[BlackTeam "Hoyerswerde FVS ASP"]
[WhiteTeamCountry "GER"]
[BlackTeamCountry "GER"]

1. e4 g6 2. d4 Bg7 3. Nc3 d6 4. Nf3 Nf6 5. Be3 c6 6. Qd2 b5 7. Bd3 O-O 8. Bh6 b4 9. Ne2 a5 10. e5 Ng4 11. Bxg7 Kxg7 12. h3 Nh6 13. Ng3 f6 14. h4 c5 15. h5 Rh8 16. O-O-O Be6 17. Qe2 c4 18. hxg6 cxd3 19. exf6+ exf6 20. Nh5+ Kf8 21. g7+ Kf7 22. gxh8=Q Qxh8 23. Qxd3 Nd7 24. Nf4 Bf5 25. Qb3+ Kg7 26. Rxh6 Kxh6 27. Qf7 1-0

[Event "Oberliga Ost A"]
[Site "?"]
[Date "2022.10.22"]
[Round "2.4"]
[White "Ozeran, Volodymyr"]
[Black "Boehm, Robert"]
[Result "0-1"]
[WhiteElo "2091"]
[BlackElo "2125"]
[PlyCount "78"]
[EventDate "2022.09.18"]
[EventType "team-tourn"]
[EventCountry "GER"]
[WhiteTeam "Hoyerswerde FVS ASP"]
[BlackTeam "Dessau SK"]
[WhiteTeamCountry "GER"]
[BlackTeamCountry "GER"]

1. d4 d5 2. Nf3 Nf6 3. g3 c6 4. Bg2 Bf5 5. O-O h6 6. c4 e6 7. Nc3 Nbd7 8. cxd5 exd5 9. Bf4 Be7 10. Rc1 O-O 11. Ne5 Re8 12. h3 Bf8 13. g4 Bh7 14. Qd2 Nxe5 15. Bxe5 Nd7 16. Bg3 Nf6 17. e3 Bd6 18. Bxd6 Qxd6 19. Rfd1 Re6 20. Na4 Ne4 21. Qe2 f5 22. Nc5 Nxc5 23. dxc5 Qe7 24. Rd4 Rf8 25. Qd2 fxg4 26. Rxg4 Bf5 27. Rg3 Rff6 28. b4 Rg6 29. Rc3 Qh4 30. Qd4 Be4 31. Kh2 Qh5 32. Qd2 Rxg3 33. fxg3 Qe5 34. Bxe4 Qxe4 35. a3 Rf6 36. Rc1 Rf3 37. Re1 Qe5 38. Qg2 Rxe3 39. Rf1 d4 0-1

[Event "Oberliga Ost A"]
[Site "?"]
[Date "2022.10.22"]
[Round "2.5"]
[White "Jahnel, Guenther"]
[Black "Erler, Rainer"]
[Result "0-1"]
[WhiteElo "2203"]
[BlackElo "2101"]
[PlyCount "62"]
[EventDate "2022.09.18"]
[EventType "team-tourn"]
[EventCountry "GER"]
[WhiteTeam "Dessau SK"]
[BlackTeam "Hoyerswerde FVS ASP"]
[WhiteTeamCountry "GER"]
[BlackTeamCountry "GER"]

1. d4 d5 2. c4 e6 3. Nc3 c5 4. cxd5 exd5 5. Nf3 Nc6 6. g3 Nf6 7. Bg2 Be7 8. O-O O-O 9. dxc5 Bxc5 10. Bf4 a6 11. Rc1 h6 12. a3 Be6 13. Qd3 Rc8 14. Ne5 Ne7 15. Qd1 g5 16. Bd2 Nf5 17. Na4 Bd6 18. Rxc8 Qxc8 19. Nd3 b5 20. Nc3 Qc4 21. b3 Qd4 22. Nb1 Rc8 23. Bc1 Qb6 24. Bb2 d4 25. e4 dxe3 26. Bxf6 exf2+ 27. Rxf2 Ne3 28. Qh5 Bf8 29. Nd2 Bg4 30. Bh3 Bxh5 31. Bxc8 Nd1 0-1

[Event "Oberliga Ost A"]
[Site "?"]
[Date "2022.10.22"]
[Round "2.6"]
[White "Leibovitch, Iziaslav"]
[Black "Kregelin, Jan"]
[Result "1/2-1/2"]
[WhiteElo "2102"]
[BlackElo "2120"]
[PlyCount "55"]
[EventDate "2022.09.18"]
[EventType "team-tourn"]
[EventCountry "GER"]
[WhiteTeam "Hoyerswerde FVS ASP"]
[BlackTeam "Dessau SK"]
[WhiteTeamCountry "GER"]
[BlackTeamCountry "GER"]

1. Nf3 d5 2. g3 Nf6 3. Bg2 Bf5 4. O-O e6 5. d3 Bd6 6. Nbd2 O-O 7. Re1 e5 8. e4 dxe4 9. dxe4 Bg4 10. h3 Bh5 11. c3 Nbd7 12. Qc2 Bxf3 13. Nxf3 Re8 14. Nh4 g6 15. Bg5 c6 16. Rad1 Qc7 17. Rd2 Rad8 18. Red1 Be7 19. Be3 Bc5 20. Qd3 Nf8 21. Qe2 Be7 22. Bh6 Ne6 23. Nf3 Rxd2 24. Rxd2 Rd8 25. Ng5 Nxg5 26. Bxg5 Rxd2 27. Qxd2 Qd8 28. Qxd8+ 1/2-1/2

[Event "Oberliga Ost A"]
[Site "?"]
[Date "2022.10.22"]
[Round "2.7"]
[White "Grohmann, Alexander"]
[Black "Schneider, Jens Erik"]
[Result "0-1"]
[WhiteElo "1993"]
[BlackElo "2007"]
[PlyCount "124"]
[EventDate "2022.09.18"]
[EventType "team-tourn"]
[EventCountry "GER"]
[WhiteTeam "Dessau SK"]
[BlackTeam "Hoyerswerde FVS ASP"]
[WhiteTeamCountry "GER"]
[BlackTeamCountry "GER"]

1. e4 g6 2. Nc3 Bg7 3. f4 d6 4. Nf3 Nc6 5. Bc4 Na5 6. Be2 c5 7. O-O Nc6 8. Bb5 Bd7 9. Bxc6 Bxc6 10. d3 Qb6 11. Kh1 e6 12. f5 gxf5 13. exf5 e5 14. Ng5 Nf6 15. Nce4 Bxe4 16. Nxe4 h5 17. Bg5 Nxe4 18. dxe4 f6 19. Bh4 Qc6 20. Qf3 O-O-O 21. c4 Qc7 22. Rfd1 Qf7 23. Rd5 Bf8 24. b4 Be7 25. Bf2 b6 26. a4 Rd7 27. a5 Bd8 28. Rad1 cxb4 29. axb6 Bxb6 30. Bxb6 axb6 31. Qb3 Rc7 32. Qxb4 Rc6 33. Rxd6 Qxc4 34. Qxc4 Rxc4 35. Rxb6 Rxe4 36. Rc1+ Kd7 37. Rxf6 Rc8 38. Ra1 Ra8 39. Rg1 Ra2 40. Rh6 h4 41. g4 hxg3 42. hxg3 Ree2 43. Rd1+ Ke7 44. Rb1 Kf7 45. g4 Rf2 46. Rc6 Rh2+ 47. Kg1 Rhg2+ 48. Kf1 Raf2+ 49. Ke1 Re2+ 50. Kd1 Rd2+ 51. Kc1 Rd7 52. Rb4 Ra7 53. Rc2 Rg1+ 54. Kb2 Re7 55. Re2 Rg3 56. Rh2 Kg7 57. Rb6 Rf7 58. Rg6+ Kf8 59. Rh8+ Ke7 60. Re6+ Kd7 61. Rg8 Rh7 62. Kc1 Rg2 0-1

[Event "Oberliga Ost A"]
[Site "?"]
[Date "2022.10.22"]
[Round "2.8"]
[White "Schaefer, Sven"]
[Black "Roessel, Louis"]
[Result "1-0"]
[WhiteElo "1967"]
[BlackElo "1969"]
[PlyCount "149"]
[EventDate "2022.09.18"]
[EventType "team-tourn"]
[EventCountry "GER"]
[WhiteTeam "Hoyerswerde FVS ASP"]
[BlackTeam "Dessau SK"]
[WhiteTeamCountry "GER"]
[BlackTeamCountry "GER"]

1. e4 c5 2. Nf3 d6 3. d4 cxd4 4. Nxd4 Nf6 5. Nc3 a6 6. Be2 e5 7. Nb3 Be7 8. O-O O-O 9. Kh1 Be6 10. f4 exf4 11. Bxf4 Nc6 12. Qe1 Nd7 13. Rd1 Nde5 14. Qg3 Qc7 15. Nd5 Bxd5 16. exd5 Nb8 17. Nd4 Nbd7 18. Nf5 Bf6 19. c4 g6 20. Bg5 Bxg5 21. Qxg5 f6 22. Qg3 a5 23. Nd4 Nc5 24. Rf4 Kh8 25. b3 f5 26. Qc3 Qe7 27. Rff1 Rfe8 28. Bf3 Nxf3 29. Nxf3+ Qg7 30. Qxg7+ Kxg7 31. Nd4 Ne4 32. Ne6+ Rxe6 33. dxe6 Kf6 34. g4 Kxe6 35. gxf5+ gxf5 36. Rd5 Rf8 37. Rxa5 Nc5 38. Re1+ Kd7 39. Rb5 Kc6 40. Re7 f4 41. Kg1 b6 42. Kf2 Rf6 43. Kf3 Nd3 44. Rh5 Ne5+ 45. Rexe5 dxe5 46. Rxe5 Rh6 47. Re2 Rh4 48. b4 Kd6 49. Rc2 Kc6 50. Ke4 Rg4 51. Kf5 h5 52. Ke4 Rh4 53. Kf3 Rg4 54. c5 b5 55. Rg2 Rh4 56. Rg6+ Kc7 57. Rg2 Kc6 58. Rc2 Rg4 59. a3 Rh4 60. Re2 Kd7 61. Ke4 Kc6 62. Rf2 f3+ 63. Kxf3 Rh3+ 64. Kf4 Rxa3 65. Kg5 Rh3 66. Rf6+ Kc7 67. Rf4 Rxh2 68. Rh4 Rc2 69. Kxh5 Kc6 70. Kg5 Rc4 71. Rxc4 bxc4 72. Kf4 Kb5 73. Ke4 Kxb4 74. c6 c3 75. c7 1-0

[Event "Oberliga Ost A"]
[Site "?"]
[Date "2022.10.22"]
[Round "2.1"]
[White "Dahl, Christoph"]
[Black "Post, Hugo"]
[Result "1-0"]
[WhiteElo "2343"]
[BlackElo "2192"]
[PlyCount "87"]
[EventDate "2022.09.18"]
[EventType "team-tourn"]
[EventCountry "GER"]
[WhiteTeam "Dessau SK"]
[BlackTeam "Hoyerswerde FVS ASP"]
[WhiteTeamCountry "GER"]
[BlackTeamCountry "GER"]

1. e4 c5 2. Nf3 d6 3. d4 cxd4 4. Nxd4 Nf6 5. Nc3 g6 6. Be3 Bg7 7. f3 O-O 8. Qd2 Nc6 9. Bc4 Bd7 10. O-O-O Rc8 11. Bb3 Nxd4 12. Bxd4 b5 13. Bxa7 b4 14. Nd5 Nxd5 15. exd5 Qa5 16. Bd4 Ba4 17. Qe3 Ra8 18. Bxg7 Kxg7 19. Kb1 Bxb3 20. Qxb3 Ra7 21. c3 bxc3 22. Qxc3+ Qxc3 23. bxc3 Rb8+ 24. Ka1 Ra3 25. Rc1 Rc8 26. Kb2 Rca8 27. Ra1 R3a5 28. Rhd1 Rb5+ 29. Kc2 Rba5 30. Kb2 Rb5+ 31. Kc1 Rc5 32. Rd3 Raa5 33. Kc2 Rxd5 34. Rxd5 Rxd5 35. a4 Kf6 36. a5 Rb5 37. a6 Rb8 38. a7 Ra8 39. Kb3 Ke6 40. Kb4 Kd7 41. Kb5 Kc7 42. Ka6 Rd8 43. Rb1 d5 44. Rb7+ 1-0